Fantasywesen nach Bild - Statistiken

Allgemein
  • Dieses Quiz wurde 1.396 mal gespielt
  • Das Durchschnittsergebnis liegt bei 17 aus 20
Antwortstatistiken
Bildquiz Antwort % Korrekt
Werwolf
99%
Fee
98%
Zombie
98%
Rotkäppchen
96%
Vampir
96%
Medusa/Gorgone
95%
Phönix
94%
Yeti
94%
Frau Holle
93%
Zyklop/Kyklop
89%
Zwerg
84%
Ork
80%
Pumuckl
80%
Greif
79%
Hydra
76%
Minotauros
71%
Zerberus/Kerberos
70%
Harpyie
63%
Silberfisch
60%
Gargoyle
56%
Keine übereinstimmenden Quizze gefunden
Verteilung der Resultate
Anzahl Personen mit jedem Resultat
Perzentil nach korrekt beantworteten Fragen
Ihre Resultats-Entwicklung
Sie haben dieses Quiz noch nicht gespielt